00958nam a2200229 u 450000100100000000500170001000800410002704000250006808200150009324501280010825000110023626000420024730000210028949000420031070000240035270000320037670000320040870000370044083000490047795201850052699900170071100004012520201002033931.0111221s1969 mx r 000 0 spa d aDO-SdBNPbspacBNPHU axxxxbxxxx00aProblemas del estructuralismo /cMarc Barbut...[et.al], ; traducción Julieta Campos, Gustavo Esteva, Alberto de Ezcurdia. a3a ed. aMéxico :bSiglo Veintiuno Editores. a182 p. ;c19 cm.1 aSiglo VeintiunoaTeoría y crítica12aBarbut, Marc96219612aCampos, Julietaetr.93362412aEsteva, Gustavoetr.96219712aEzcurdia, Alberto deetr.962198 0aSiglo VeintiunopTeoría y crítica962199 001050718MOaGRbGRcCTd2013-08-08iLF1l0oxxxx xxxxp40125-10r2020-06-25w2020-06-25y1zPerteneció a la biblioteca personal de Juan Isidro Jimenes GrullónZNo se presta c39615d39615